Statistics for Jeopardy #8567

Click here to take the quiz!

General Stats

  • This quiz has been taken 30 times
  • The average score is 10 of 61

Answer Stats

CategoryCashClueAnswer% Correct
4-LETTER GEOGRAPHY$600The capital of this landlocked African nation is N'DjamenaChad
67%
4-LETTER GEOGRAPHY$1000Emily Blunt & John Krasinski tied the knot at George Clooney's villa on this lakeComo
56%
4-LETTER GEOGRAPHY$800This world capital began hosting Holmenkollen ski jump competition in 1892Oslo
56%
4-LETTER GEOGRAPHY$400A natural history museum, the Koenig is in this city, once the capital of West GermanyBonn
50%
6 FLAGS$200Introduced in 1920, it consists of 5 interlocked rings of blue, black, red, green & yellowthe Olympic flag
50%
5 RANDOM THINGS$200A 2014 headline: "Florida family butt-dials" this no. "while planning their next meth cook"; a dispatcher listened for 30 min.911
44%
4-LETTER GEOGRAPHY$200This city is Pennsylvania's only port on the St. Lawrence SeawayErie
44%
"TOO" WORDS$400In French, it's un mal de denta toothache
39%
LITTLE THINGS IN A BIG WORLD$400Krill differ from true shrimp in that these respiratory organs are externally visiblegills
33%
ONE WOMAN$400Our subject raised funds to equip this duo's expedition with needed supplies; she was sure they were never coming backLewis and Clark
33%
MORE THAN ONE MEANING$400A group of newborn animals, or to scatter trash aboutlitter
33%
"TOO" WORDS$200A small porch, or to bend downstoop
33%
3 STARS OF THE FILM$10001988: Kevin Costner, Susan Sarandon & Robert Wuhl, who makes a memorable visit to the moundBull Durham
28%
"TOO" WORDS$800Seaplanes float on thempontoons
28%
3 STARS OF THE FILM$4002018: Mahershala Ali, Viggo Mortensen & Linda Cardellini drive the filmthe Green Book
28%
ONE WOMAN$1000In 1844 the woman had the honor to send the first personal message on this device--love to her friend Mary in Baltimorethe telegraph
28%
READ IT OR EAT IT?$1200Violent gangs of Droogs run wild in the streets of an English cityA Clockwork Orange
22%
ONE WOMAN$200Among the items our woman famously saved was a blue & gold Lowestoft set of porcelain ware, more commonly called thischina
22%
MORE THAN ONE MEANING$800A hot dog condiment, or to enjoyrelish
22%
6 FLAGS$600You can use two flags to communicate in the method seen heresemaphore
22%
INTERNATIONAL GET-TOGETHERS$400In spring, head out from this largest Dutch city to the regional trade event focusing on tulipsAmsterdam
17%
"TOO" WORDS$600You can get one removed via dermabrasiona tattoo
17%
MORE THAN ONE MEANING$2000Your equal, or to look at closelypeer
17%
3 STARS OF THE FILM$6001989: Olympia Dukakis, Sally Field & Julia Roberts & a 4th star--the weeping audienceSteel Magnolias
17%
6 FLAGS$800Sportswriter Rob Neyer posed the query, "What makes" the race for one of these baseball flags "great?"a pennant
11%
5 RANDOM THINGS$600Astronauts Scott, Worden & Irwin established a U. of Michigan alumni club on the Moon during this, the 4th mission to landApollo 15
11%
MORE THAN ONE MEANING$1600A wind-blown pile of snow, or the meaning of what you're sayingdrift
11%
5 RANDOM THINGS$800This book after Exodus: "All that have not fins and scales in the seas... be an abomination unto you", so eating lobster? A no-goLeviticus
11%
KILLER TV SHOWS$400Murders abound on the fictional Caribbean island of Saint-Marie, which doesn't seem much like Eden in "Death in" thisParadise
11%
INTERNATIONAL GET-TOGETHERS$800Toronto's Collision Conference has a program for these tech companies named for their fledgling naturestart-ups
11%
READ IT OR EAT IT?$400Okies head westThe Grapes of Wrath
11%
3 STARS OF THE FILM$2002004: the super voices of Craig T. Nelson, Holly Hunter & Jason LeeThe Incredibles
11%
5 RANDOM THINGS$1000Viewable from the U.N. in the East River, one of New York City's smallest islands is name for this secretary-general from MyanmarU Thant
11%
ONE WOMAN$600Our one woman's one surviving child, Payne Todd, was a gambler who in 1830 went to this type of prison that Congress abolished in 1833a debtors\' prison
6%
LITTLE THINGS IN A BIG WORLD$1600Aspergillus niger, also known as black mold, is one of these organisms & may be found widely in a homea fungus
6%
5 RANDOM THINGS$400Holy biloba! Here's a beautiful example of this tree at a Buddhist temple said to be planted by a Chinese emperor of the Tang Dynastya gingko
6%
CONDUCTORS$1200On an 1887 cruise New York Symphony Society conductor Walter Damrosch met this tycoon & talked him into building a hall(Andrew) Carnegie
6%
LITTLE THINGS IN A BIG WORLD$1200Also called a light quantum, this bit of radiation travels at the speed of lighta photon
6%
HISTORIC GEOGRAPHYN/AThis city on the Rhone River that is partly a World Heritage Site was papal property until the French RevolutionAvignon
6%
CONDUCTORS$20002 female music directors: Marin Alsop at the BSO (Baltimore Symphony) & Joann Falletta at the BPO (this N.Y. city's philharmonic)Buffalo
6%
CONDUCTORS$400His mentor Serge Koussevitzky suggested he change his name to Leonard S. Burns; he said no(Leonard) Bernstein
6%
KILLER TV SHOWS$800Poisoned by snake venom on his uniform in 2003, Commander Ray Trapp was the first of many, many naval personnel killed on this showNCIS
6%
3 STARS OF THE FILM$8002021: Simu Liu, Tony Leung & AwkwafinaShang-Chi and the Legend of the Ten Rings
6%
INTERNATIONAL GET-TOGETHERS$1200This Austin-based meet-up was focused on music when it launched in 1987, but now includes other mediaSouth by Southwest
6%
LITTLE THINGS IN A BIG WORLD$800The buzz is true--the smallest hummingbird is this one named for an insectthe bee hummingbird
6%
KILLER TV SHOWS$1600The "Murders" in this British detective show take place in the fictional title county, not the dog days of Augustthe Midsomer Murders
6%
ONE WOMAN$800At age 80, our lady was there when the 25,000-pound white marble cornerstone of this was laid July 4, 1848the Washington Monument
6%
INTERNATIONAL GET-TOGETHERS$1600In 2018 the India Mobile Congress event focused on telecom issues, especially this new alphanumeric mobile network5G
0%
READ IT OR EAT IT?$1600Play in which a working class African-American family moves into an all-white Chicago neighborhoodA Raisin in the Sun
0%
READ IT OR EAT IT?$800A grandfather tells a story about a town called Chewandswallow where food falls from the skyCloudy with a Chance of Meatballs
0%
CONDUCTORS$1600Sir Thomas Beecham conducted many U.K. premieres at the Royal Opera House in this London "Garden" spotCovent Garden
0%
"TOO" WORDS$1000Seen here are these flower chains curving as intendedfestoons
0%
LITTLE THINGS IN A BIG WORLD$2000Latin for "whips", these appendages in some protozoa help them get aroundflagella
0%
MORE THAN ONE MEANING$1200A multitude, or the bread that's consecrated in the Eucharisthost
0%
6 FLAGS$1000"Flag above White with Collage" is one of this contemporary artist's paintingsJasper Johns
0%
KILLER TV SHOWS$2000"Better pay attention or this world we love so much might just kill you", Randy Newman sang in this show's opening themeMonk
0%
6 FLAGS$400Also called salsa bandera, or "flag", this 3-word condiment is red, white & green, like Mexico's flagpico de gallo
0%
INTERNATIONAL GET-TOGETHERS$2000Billed as the "most influential tech event in the world", this event featuring gizmos & gadgets has been held in Las Vegas since 1978the Consumer Electronics Show (CES)
0%
READ IT OR EAT IT?$2000Just after World War II, a woman learns of a group of book lovers on one of the Channel IslandsThe Guernsey Literary and Potato Peel Pie Society
0%
CONDUCTORS$800Once a manuscript copyist for Wagner, Hans Richter conducted the first performance of this full cycle of operasThe Ring Cycle
0%
KILLER TV SHOWS$1200Good cops CCH Pounder & Forest Whitaker hounded killer cop Michael Chiklis & the strike team on this FX seriesThe Shield
0%

Score Distribution

Percentile by Number Answered

Percent of People with Each Score

Your Score History

You have not taken this quiz